Statistics for "Were you paying attention"? Harry Potter Book Fan Quiz ! *

Click here to take the quiz!

General Stats

  • This quiz has been taken 391 times
    (385 since last reset)
  • The average score is 17 of 32

Answer Stats

Hint Answer % Correct
This character had Madam Pomfrey make his/her teeth smaller:Hermione
89%
Dumbledore give Bertie Botts every flavor beans a second chance and, alas, chooses what flavor?ear wax
84%
Dumbledore is famous for discovering how many uses for dragon's blood?12
83%
Ron played as this chess piece during a dangerous life-size version of wizard's chess:knight
72%
This potion can cause giddiness, recklessness, and dangerous overconfidence if taken in excess:Felix Felicis
67%
Narcissa Malfoy's nickname:Cissy
63%
Referring to his children, Aragog tells Harry and Ron "I cannot deny them ________ ________, when it wanders so willingly into our midst." (2 words)fresh meat
61%
Tom Riddle held a position at his shop in his youth:Borgin and Burke's
59%
Dumbledore had a bad experience in his youth when he encountered this flavor of Bertie Botts bean:vomit
58%
Don't place a bet with this character. If you win, you're likely to be payed with Leprechaun gold! (2 words)Ludo Bagman
58%
Harry is supposed to tell Aunt Marge that he attends St. __________ Secure Center for Incurably Criminal Boys.Brutus's
58%
This person had their Hogwart's job interview at the Hog's Head Inn, while someone was spying at the door.Sybill Trelawney
57%
Sporting a broken nose, this character caught the snitch while his team was behind on points, losing an important game, but doing so on his own terms.Viktor Krum
56%
This is where Harry met his future wife:Platform 9 3/4
55%
Padfoot finds an unexpected ally in this fellow animal:Crookshanks
53%
They've only got one good jump in them to begin with:chocolate frogs
50%
Name one of the spells written by the Half-blood Prince in the margins of Harry's old potions text:Sectumsempra, Levicorpus, Langlock or Muffliato
49%
Umbridge's middle name:Jane
47%
According to a note that Dumbledore wrote Harry, Dumbledore likes what kind of pops?acid
46%
This person met Katie Bell in the bathroom and gave her a mysterious package:Madame Rosmerta
45%
Name the candy here that you will NOT find at Honeydukes!................ Every Flavour Beans, Fizzing Whizzbees, Levitating Sherbet Balls, Drooble’s Best Blowing Gum, Toothflossing Stringmints, Ice Mice, Laughing Lollies, Sugar-spun quillsLaughing Lollies
41%
This is the final ingredient in a polyjuice potion:hair
39%
Saying the words "Pine Fresh" will give you access to what?prefect's bathroom
37%
Arthur Weasley's nickname for his wife:Mollywobbles
37%
This former Hogwart's headmaster may or may not appear when summoned, depending on his mood:Phineas Nigellus
33%
According to Albus Dumbledore, this place has "known magic"...the Crystal Cave
32%
Tonks tripped over an umbrella stand made out of this:a troll's leg
27%
In Chamber of Secrets, Vernon Dursley yells at Harry when the commotion from his room interrupts his __________ _________ joke. (2 words)japanese golfer
25%
Petunia was outraged that these two characters read her letter from Dumbledore denying her acceptance to Hogwart's:Lily & Severus
24%
Lavender gave Won Won a gold chain for Christmas with these two words on it:My Sweetheart
22%

Score Distribution

Percentile by Number Answered

Percent of People with Each Score

Your Score History

You have not taken this quiz since the last reset